[Event "1. Bundesliga 2010/2011"]
[Site "Graz"]
[Date "2010.11.21"]
[Round "3"]
[Board "1"]
[White "Bartel, Mateusz"]
[Black "Rozentalis, Eduardas"]
[Result "1-0"]
[WhiteElo "2638"]
[BlackElo "2592"]
[PlyCount "83"]
[EventDate "2010.11.19"]
[EventType "team"]
[EventRounds "11"]
[EventCountry "AUT"]
[WhiteTeam "SK Advisory Invest Baden"]
[BlackTeam "SK Hohenems"]

1.c4 e6 2.Nc3 b6 3.e4 Bb7 4.Nge2 c5 5.d3 g6 6.d4 cxd4 7.Qxd4 Qf6 8.Nb5 Qxd4
9.Nexd4 Na6 10.f3 Bb4+ 11.Kf2 e5 12.Nb3 f5 13.a3 Be7 14.exf5 gxf5 15.Bd3 e4
16.Be2 Nf6 17.N3d4 O-O 18.Bh6 Rf7 19.Nxf5 Bc5+ 20.Be3 exf3 21.gxf3 Ne4+ 22.fxe4
Bxe4 23.Rhg1+ Kh8 24.Nbd6 Raf8 25.Nxf7+ Rxf7 26.Bxc5 Nxc5 27.b4 Ne6 28.Ke3 Bxf5
29.Raf1 Re7 30.Kd2 Bg6 31.Bd3 Kg7 32.Rg3 Nd4 33.Bxg6 hxg6 34.Re3 Ne6 35.Kc3 Re8
36.Rd1 Re7 37.a4 Rf7 38.Red3 Nf8 39.Rd5 Rf2 40.R1d2 Rf3+ 41.R5d3 Rf1 42.Rxd7+

[Event "1. Bundesliga 2010/2011"]
[Site "Graz"]
[Date "2010.11.21"]
[Round "3"]
[Board "2"]
[White "Bogner, Sebastian"]
[Black "Beliavsky, Alexander"]
[Result "1/2-1/2"]
[WhiteElo "2541"]
[BlackElo "2619"]
[PlyCount "165"]
[EventDate "2010.11.19"]
[EventType "team"]
[EventRounds "11"]
[EventCountry "AUT"]
[WhiteTeam "SK Hohenems"]
[BlackTeam "SK Advisory Invest Baden"]

1.d4 d5 2.c4 c6 3.Nc3 Nf6 4.e3 e6 5.Nf3 Nbd7 6.Qc2 Bd6 7.b3 O-O 8.Bd3 e5 9.cxd5
cxd5 10.Nb5 Bb4+ 11.Bd2 Bxd2+ 12.Nxd2 a6 13.dxe5 Nxe5 14.Nd4 Bg4 15.Bf5 Bxf5
16.Qxf5 Nc6 17.Nxc6 bxc6 18.O-O Qe7 19.Rac1 Rac8 20.Rc2 c5 21.Rd1 a5 22.Nf3 Rc7
23.Qe5 Qd7 24.Qf4 Rfc8 25.h3 h6 26.Rdc1 Ne8 27.e4 dxe4 28.Qxe4 Nf6 29.Qc4 a4
30.Qxa4 Qxa4 31.bxa4 Nd7 32.Nd4 Ra7 33.Nf5 Kh7 34.Nd6 Rc6 35.Rd1 Nf6 36.a5 Rxa5
37.Nxf7 c4 38.Nd8 Rc8 39.Nb7 Ra6 40.Rd6 Ra7 41.Rd8 Rxd8 42.Nxd8 c3 43.Rxc3 Rxa2
44.Rc7 Re2 45.Kf1 Re5 46.Ra7 Ne4 47.g4 Ng5 48.Ra3 Ne6 49.Nc6 Rc5 50.Ne7 Nf4
51.Kg1 g6 52.Kh2 Nd5 53.Ra7 Nxe7 54.Rxe7+ Kg8 55.Kg3 h5 56.f4 hxg4 57.hxg4 Rc4
58.Kf3 Kf8 59.Re4 Rc3+ 60.Re3 Rc4 61.Rd3 Kf7 62.Ke3 g5 63.Rd7+ Kf6 64.Rd6+ Kf7
65.Rd5 gxf4+ 66.Kf3 Kg6 67.Rf5 Rb4 68.Rxf4 Rxf4+ 69.Kxf4 Kf6 70.Kg3 Kg5 71.Kh3
Kg6 72.Kh4 Kh6 73.g5+ Kg6 74.Kg4 Kg7 75.Kf5 Kf7 76.g6+ Kg7 77.Kg5 Kg8 78.Kf6 Kf8
79.Kf5 Kg7 80.Kg5 Kg8 81.Kf6 Kf8 82.g7+ Kg8 83.Kg6

[Event "1. Bundesliga 2010/2011"]
[Site "Graz"]
[Date "2010.11.21"]
[Round "3"]
[Board "4"]
[White "Atlas, Valery"]
[Black "Balogh, Csaba"]
[Result "1/2-1/2"]
[WhiteElo "2428"]
[BlackElo "2601"]
[PlyCount "61"]
[EventDate "2010.11.19"]
[EventType "team"]
[EventRounds "11"]
[EventCountry "AUT"]
[WhiteTeam "SK Hohenems"]
[BlackTeam "SK Advisory Invest Baden"]

1.e4 c5 2.Nf3 e6 3.d4 cxd4 4.Nxd4 a6 5.Nc3 b5 6.g3 Bb7 7.Bg2 b4 8.Na4 Nf6 9.Qe2
Qa5 10.b3 Nc6 11.Bb2 Nxd4 12.Bxd4 e5 13.Bb6 Qb5 14.Qd3 Rc8 15.O-O Be7 16.Be3 Ng4
17.Ba7 O-O 18.Nb6 Rc3 19.Qxd7 Qxd7 20.Nxd7 Ra8 21.Bb6 Bc6 22.Rfd1 f6 23.h3 Nh6
24.Be3 Rxc2 25.Nb6 Rd8 26.Rdc1 Rc3 27.Rxc3 bxc3 28.Rc1 Bb4 29.a3 Bxa3 30.Rxc3
Bb5 31.Nd5

[Event "1. Bundesliga 2010/2011"]
[Site "Graz"]
[Date "2010.11.21"]
[Round "3"]
[Board "5"]
[White "Shengelia, David"]
[Black "Baldauf, Marco"]
[Result "0-1"]
[WhiteElo "2573"]
[BlackElo "2347"]
[PlyCount "134"]
[EventDate "2010.11.19"]
[EventType "team"]
[EventRounds "11"]
[EventCountry "AUT"]
[WhiteTeam "SK Advisory Invest Baden"]
[BlackTeam "SK Hohenems"]

1.Nf3 Nf6 2.d4 e6 3.e3 c5 4.Bd3 b6 5.O-O Bb7 6.c4 Be7 7.Nc3 O-O 8.d5 exd5 9.cxd5
d6 10.e4 Ba6 11.h3 Re8 12.Bf4 Bf8 13.Re1 Bxd3 14.Qxd3 a6 15.a4 Nbd7 16.Bh2 Qc7
17.Nd2 Ne5 18.Qf1 Qb7 19.f4 Ng6 20.g4 Rab8 21.g5 Nd7 22.Nc4 b5 23.Na5 Qb6 24.Nc6
c4+ 25.Kh1 Ra8 26.h4 Ne7 27.Bg1 Qb7 28.axb5 axb5 29.Nd4 Rxa1 30.Rxa1 Nc5 31.Kh2
b4 32.Ncb5 Nxe4 33.Qxc4 Qxd5 34.Qxd5 Nxd5 35.f5 h6 36.Re1 hxg5 37.hxg5 Nf4
38.Nc6 d5 39.Rf1 Nd3 40.Rd1 Nxb2 41.Rxd5 Nxg5 42.Kg3 Ne4+ 43.Kf3 Nc4 44.Nbd4
Ned2+ 45.Kf2 b3 46.Nxb3 Nxb3 47.f6 gxf6 48.Kg2 Ne3+ 49.Bxe3 Rxe3 50.Kf2 Rc3
51.Nd8 Rc7 52.Kf3 Nc5 53.Kg4 Ne6 54.Kf5 Nxd8 55.Rxd8 Kg7 56.Rd1 Rc5+ 57.Kf4 f5
58.Kg5 Be7+ 59.Kh5 Kf6 60.Ra1 Ke6 61.Re1+ Re5 62.Ra1 Re2 63.Ra6+ Bd6 64.Ra8 Rh2+
65.Kg5 Rg2+ 66.Kh5 f4 67.Re8+ Kf5

[Event "1. Bundesliga 2010/2011"]
[Site "Graz"]
[Date "2010.11.21"]
[Round "3"]
[Board "6"]
[White "Froewis, Georg"]
[Black "Turov, Maxim"]
[Result "1/2-1/2"]
[WhiteElo "2284"]
[BlackElo "2635"]
[PlyCount "115"]
[EventDate "2010.11.19"]
[EventType "team"]
[EventRounds "11"]
[EventCountry "AUT"]
[WhiteTeam "SK Hohenems"]
[BlackTeam "SK Advisory Invest Baden"]

1.d4 Nf6 2.c4 g6 3.g3 Bg7 4.Bg2 d5 5.Nf3 O-O 6.O-O dxc4 7.Na3 Nc6 8.Nxc4 Be6
9.Nce5 Bd5 10.Bf4 a5 11.Nxc6 Bxc6 12.Rc1 Ra6 13.Qd2 a4 14.Rfd1 e6 15.Bh6 Qd6
16.a3 Bxh6 17.Qxh6 Rd8 18.Ne5 Bxg2 19.Kxg2 c6 20.Rc3 Qf8 21.Qh4 Qg7 22.Ng4 g5
23.Nxf6+ Qxf6 24.Qe4 Rb6 25.Rd2 Rb5 26.Rc4 Rf5 27.e3 Qg6 28.Qc2 Ra5 29.Qxg6+
hxg6 30.Rdc2 Rdd5 31.Kf3 Kf8 32.Rc5 Rb5 33.R5c4 Ra5 34.Rc5 Ra6 35.Rxd5 exd5
36.Kg4 f6 37.f4 gxf4 38.exf4 Kf7 39.f5 g5 40.h4 gxh4 41.Kxh4 Ra8 42.Kg4 Re8
43.Kf3 Re4 44.Rd2 Ke7 45.g4 Kd6 46.Rh2 Rxd4 47.Re2 Rd3+ 48.Kf4 Rd4+ 49.Kf3 Re4
50.Rxe4 dxe4+ 51.Kxe4 c5 52.Kf4 b5 53.g5 fxg5+ 54.Kxg5 Ke7 55.Kf4 b4 56.Ke4 Kf6
57.Kd5 bxa3 58.Ke4

[Event "1. Bundesliga 2010/2011"]
[Site "Graz"]
[Date "2010.11.21"]
[Round "3"]
[Board "1"]
[White "Lanka, Zigurds"]
[Black "Bosiocic, Marin"]
[Result "1-0"]
[WhiteElo "2477"]
[BlackElo "2561"]
[PlyCount "77"]
[EventDate "2010.11.19"]
[EventType "team"]
[EventRounds "11"]
[EventCountry "AUT"]
[WhiteTeam "Mayrhofen/Zillertal"]
[BlackTeam "ASVOE Signum Siebdruck St.Veit"]

1.e4 c5 2.Nf3 e6 3.d4 cxd4 4.Nxd4 Nc6 5.Nc3 Qc7 6.Be2 a6 7.Be3 Nf6 8.a3 Na5 9.f4
d6 10.Qd3 Be7 11.O-O O-O 12.Rad1 b5 13.Kh1 Bb7 14.Bc1 Rac8 15.Bf3 g6 16.f5 e5
17.Nde2 gxf5 18.exf5 Rfd8 19.Bxb7 Qxb7 20.Bg5 Kh8 21.Bxf6+ Bxf6 22.Ne4 Rg8
23.N2g3 Be7 24.Nxd6 Bxd6 25.Qxd6 Qc6 26.Qxe5+ f6 27.Qd4 Nc4 28.Rfe1 Ne5 29.c3
Rcd8 30.Qxd8 Rxd8 31.Rxd8+ Kg7 32.Rd4 a5 33.h3 Qc7 34.Nh5+ Kf7 35.Nf4 Qa7 36.Ne6
h5 37.Red1 Qa8 38.Rd5 b4 39.Rc5

[Event "1. Bundesliga 2010/2011"]
[Site "Graz"]
[Date "2010.11.21"]
[Round "3"]
[Board "3"]
[White "Gross, David"]
[Black "Rogic, Davor"]
[Result "1/2-1/2"]
[WhiteElo "2453"]
[BlackElo "2602"]
[PlyCount "55"]
[EventDate "2010.11.19"]
[EventType "team"]
[EventRounds "11"]
[EventCountry "AUT"]
[WhiteTeam "Mayrhofen/Zillertal"]
[BlackTeam "ASVOE Signum Siebdruck St.Veit"]

1.e4 e5 2.Nf3 Nc6 3.Bb5 a6 4.Ba4 Nf6 5.O-O Be7 6.Re1 b5 7.Bb3 d6 8.c3 Na5 9.Bc2
c5 10.d4 Qc7 11.h3 Bd7 12.Nbd2 cxd4 13.cxd4 Rc8 14.Bb1 O-O 15.Nf1 Rfe8 16.Ng3
exd4 17.Bf4 g6 18.Nxd4 Nc4 19.b3 Ne5 20.Bc2 Bf8 21.Rc1 Qb6 22.Qd2 Bg7 23.Be3 Qb7
24.Bb1 Rcd8 25.Bg5 Qb6 26.Be3 Qb7 27.Bg5 Qb6 28.Be3

[Event "1. Bundesliga 2010/2011"]
[Site "Graz"]
[Date "2010.11.21"]
[Round "3"]
[Board "4"]
[White "Hoelzl, Franz"]
[Black "Platzgummer, Fabian"]
[Result "1-0"]
[WhiteElo "2336"]
[BlackElo "2311"]
[PlyCount "57"]
[EventDate "2010.11.19"]
[EventType "team"]
[EventRounds "11"]
[EventCountry "AUT"]
[WhiteTeam "ASVOE Signum Siebdruck St.Veit"]
[BlackTeam "Mayrhofen/Zillertal"]

1.d4 d5 2.c4 c6 3.Nf3 Nf6 4.e3 Bf5 5.Bd3 Bxd3 6.Qxd3 e6 7.O-O Nbd7 8.Rd1 a5
9.Nbd2 Be7 10.e4 dxe4 11.Nxe4 Nxe4 12.Qxe4 O-O 13.Bf4 Nf6 14.Qe2 Qb6 15.Rd3 a4
16.Rad1 Rfd8 17.Ne5 Qa6 18.Bg5 h6 19.Bxh6 gxh6 20.Qd2 Ne4 21.Qxh6 Bf6 22.Qf4
Bxe5 23.Qxe5 Nd6 24.Rh3 Kf8 25.c5 Nf5 26.Qf6 Ke8 27.Rh7 Nh6 28.Re1 Qd3 29.Rxh6

[Event "1. Bundesliga 2010/2011"]
[Site "Graz"]
[Date "2010.11.21"]
[Round "3"]
[Board "5"]
[White "Kleissl, Helmut"]
[Black "Kaspret, Guido"]
[Result "1/2-1/2"]
[WhiteElo "2300"]
[BlackElo "2291"]
[PlyCount "119"]
[EventDate "2010.11.19"]
[EventType "team"]
[EventRounds "11"]
[EventCountry "AUT"]
[WhiteTeam "Mayrhofen/Zillertal"]
[BlackTeam "ASVOE Signum Siebdruck St.Veit"]

1.d4 Nf6 2.c4 g6 3.g3 Bg7 4.Bg2 c6 5.Nf3 d6 6.Nc3 O-O 7.O-O Bf5 8.Ne1 e5 9.d5
cxd5 10.cxd5 Qd7 11.e4 Bh3 12.Nd3 Bxg2 13.Kxg2 Na6 14.f3 Rfc8 15.Qb3 Nh5 16.Bd2
f5 17.Rac1 Nc5 18.Nxc5 Rxc5 19.Be3 Rcc8 20.Qb5 Qe7 21.Qb4 f4 22.Bd2 Bf8 23.g4
Nf6 24.Be1 Qd7 25.h3 h5 26.Bh4 Nh7 27.Qb5 Qf7 28.Ne2 a6 29.Qb3 Qd7 30.Kh2 hxg4
31.hxg4 g5 32.Bf2 Nf6 33.Ng1 Be7 34.Nh3 Kg7 35.Rxc8 Rxc8 36.Qd1 Kg6 37.Qe2 Bd8
38.Rd1 Ba5 39.Kg2 b5 40.Be1 Bxe1 41.Rxe1 Rc4 42.Nf2 Qc8 43.Rd1 b4 44.Rd2 a5
45.Nd3 a4 46.Qd1 a3 47.Nf2 Rc1 48.Qb3 Qh8 49.Rd1 Rxd1 50.Nxd1 Qh4 51.bxa3 Qg3+
52.Kf1 Qh3+ 53.Ke2 Nxg4 54.fxg4 Qxg4+ 55.Qf3 Qc8 56.Nf2 Qc4+ 57.Ke1 Qc1+ 58.Ke2
Qc4+ 59.Ke1 Qc1+ 60.Ke2

[Event "1. Bundesliga 2010/2011"]
[Site "Graz"]
[Date "2010.11.21"]
[Round "3"]
[Board "6"]
[White "Hebesberger, Thomas"]
[Black "Tabernig, Bernhard"]
[Result "1/2-1/2"]
[WhiteElo "2336"]
[BlackElo "2300"]
[PlyCount "96"]
[EventDate "2010.11.19"]
[EventType "team"]
[EventRounds "11"]
[EventCountry "AUT"]
[WhiteTeam "ASVOE Signum Siebdruck St.Veit"]
[BlackTeam "Mayrhofen/Zillertal"]

1.d4 Nf6 2.Bg5 Ne4 3.Bf4 e6 4.Nd2 Nxd2 5.Qxd2 b6 6.e4 Bb7 7.f3 d5 8.O-O-O Be7
9.exd5 exd5 10.Bb5+ Nc6 11.Ne2 Qd7 12.Rhe1 a6 13.Bxc6 Bxc6 14.Ng3 O-O-O 15.Qe2
Bb4 16.c3 Bb5 17.Qc2 Bf8 18.Nh5 f6 19.g4 Qf7 20.Kb1 Bd6 21.a4 Bc6 22.a5 bxa5
23.Bxd6 Rxd6 24.Re3 g6 25.Nf4 Re8 26.Rde1 Rxe3 27.Rxe3 Bb5 28.Nd3 Re6 29.Qe2
Rxe3 30.Qxe3 Bxd3+ 31.Qxd3 Qe6 32.h4 Kb7 33.h5 f5 34.hxg6 hxg6 35.Qd1 fxg4
36.fxg4 Qc6 37.Qc2 a4 38.Ka2 Kb6 39.g5 Ka5 40.Ka1 Qe6 41.Ka2 Qe4 42.Qh2 Kb6
43.Qh8 Kb7 44.Qd8 Qe6 45.Ka3 Qc6 46.Qf8 a5 47.Qf1 Qd7 48.Qd3 Qe8

[Event "1. Bundesliga 2010/2011"]
[Site "Graz"]
[Date "2010.11.21"]
[Round "3"]
[Board "1"]
[White "Farago, Ivan"]
[Black "Miroshnichenko, Evgenij"]
[Result "1/2-1/2"]
[WhiteElo "2448"]
[BlackElo "2670"]
[PlyCount "79"]
[EventDate "2010.11.19"]
[EventType "team"]
[EventRounds "11"]
[EventCountry "AUT"]
[WhiteTeam "ASVOE VHS Poechlarn"]
[BlackTeam "ASVOE Wulkaprodersdorf"]

1.d4 Nf6 2.c4 e6 3.Nf3 d5 4.Nc3 Bb4 5.Bg5 dxc4 6.e4 b5 7.e5 h6 8.exf6 hxg5
9.fxg7 Rg8 10.a4 c6 11.g3 g4 12.Ne5 Qd5 13.Rg1 Qe4+ 14.Be2 f5 15.Kf1 Bxc3
16.bxc3 Nd7 17.f3 Qd5 18.Nxd7 Qxd7 19.fxg4 fxg4 20.Bxg4 Qxg7 21.Bh5+ Ke7 22.Rg2
Rf8+ 23.Kg1 Bb7 24.Bf3 b4 25.cxb4 Rad8 26.Rf2 Rxd4 27.Qf1 Rdf4 28.Raa2 c3 29.Qd3
Rxb4 30.Rac2 Rb1+ 31.Kg2 Rh8 32.Qc4 Kd6 33.Rxc3 Rxh2+ 34.Kxh2 Qh8+ 35.Qh4 Qxc3
36.Qd8+ Kc5 37.Qe7+ Kb6 38.Qd8+ Kc5 39.Qe7+ Kb6 40.Qd8+

[Event "1. Bundesliga 2010/2011"]
[Site "Graz"]
[Date "2010.11.21"]
[Round "3"]
[Board "2"]
[White "Antoniewski, Rafal"]
[Black "Tuncer, Ufuk"]
[Result "1-0"]
[WhiteElo "2604"]
[BlackElo "2289"]
[PlyCount "65"]
[EventDate "2010.11.19"]
[EventType "team"]
[EventRounds "11"]
[EventCountry "AUT"]
[WhiteTeam "ASVOE Wulkaprodersdorf"]
[BlackTeam "ASVOE VHS Poechlarn"]

1.d4 Nf6 2.c4 g6 3.g3 Bg7 4.Bg2 O-O 5.Nc3 d6 6.Nf3 Nc6 7.O-O a6 8.Qd3 Bf5 9.e4
Bg4 10.d5 Bxf3 11.Qxf3 Na5 12.Qe2 Nd7 13.Bd2 c5 14.Rab1 Ne5 15.b3 b5 16.cxb5
axb5 17.Nxb5 Qb6 18.Rfc1 Rfb8 19.a4 h5 20.Bh3 Qd8 21.Kg2 c4 22.bxc4 Nb7 23.Be3
Rxa4 24.Nc3 Raa8 25.Bb6 Qe8 26.Bc7 Nc5 27.Bxb8 Rxb8 28.Nb5 Qd8 29.Rc2 g5 30.Qxh5
Nxe4 31.Bf5 Nf6 32.Qxg5 Qa5 33.f4

[Event "1. Bundesliga 2010/2011"]
[Site "Graz"]
[Date "2010.11.21"]
[Round "3"]
[Board "3"]
[White "Kostic, Vladimir"]
[Black "Kraemer, Martin"]
[Result "1/2-1/2"]
[WhiteElo "2448"]
[BlackElo "2506"]
[PlyCount "90"]
[EventDate "2010.11.19"]
[EventType "team"]
[EventRounds "11"]
[EventCountry "AUT"]
[WhiteTeam "ASVOE VHS Poechlarn"]
[BlackTeam "ASVOE Wulkaprodersdorf"]

1.e4 c5 2.c3 Nf6 3.e5 Nd5 4.d4 cxd4 5.Nf3 Nc6 6.cxd4 d6 7.Bc4 Nb6 8.Bb3 d5 9.h3
Bf5 10.Nh4 Bxb1 11.Rxb1 e6 12.Nf3 Bb4+ 13.Kf1 Be7 14.Qe2 a5 15.a3 a4 16.Bc2 Nc4
17.g3 b5 18.Kg2 Qb6 19.Rd1 Qa7 20.Ra1 Bd8 21.Rd3 Bb6 22.Qd1 O-O 23.Be3 f6
24.exf6 Rxf6 25.Qe2 Raf8 26.Bf4 h6 27.Rf1 Bxd4 28.Bb1 e5 29.Nxd4 Nxd4 30.Be3
Nxe3+ 31.Qxe3 Qf7 32.f4 Nc6 33.Qc5 Ne7 34.Ba2 exf4 35.Bxd5 Nxd5 36.Qxd5 f3+
37.Kg1 Qxd5 38.Rxd5 Rf5 39.Rxf5 Rxf5 40.Kf2 Rc5 41.Kxf3 b4 42.axb4 Rb5 43.Re1
Rxb4 44.Re4 Rb3+ 45.Kf4 Rxb2

[Event "1. Bundesliga 2010/2011"]
[Site "Graz"]
[Date "2010.11.21"]
[Round "3"]
[Board "4"]
[White "Polzin, Rainer"]
[Black "Weinzettl, Ernst"]
[Result "1/2-1/2"]
[WhiteElo "2494"]
[BlackElo "2330"]
[PlyCount "109"]
[EventDate "2010.11.19"]
[EventType "team"]
[EventRounds "11"]
[EventCountry "AUT"]
[WhiteTeam "ASVOE Wulkaprodersdorf"]
[BlackTeam "ASVOE VHS Poechlarn"]

1.e4 e6 2.d4 d5 3.Nc3 Nf6 4.Bg5 dxe4 5.Nxe4 Nbd7 6.Nf3 h6 7.Nxf6+ Nxf6 8.Be3 Nd5
9.Bd3 Bd6 10.O-O Bd7 11.c4 Nxe3 12.fxe3 c5 13.dxc5 Bxc5 14.Ne5 Qg5 15.Nxd7 Bxe3+
16.Kh1 O-O-O 17.Rxf7 Rxd7 18.Rxd7 Kxd7 19.Qf3 Kc8 20.Be4 Qf4 21.Bxb7+ Kb8 22.Re1
Qxf3 23.Bxf3 Bd4 24.Rxe6 Bxb2 25.Re7 Bd4 26.Rd7 Re8 27.g3 Bb6 28.Rxg7 Re1+
29.Kg2 Ra1 30.h4 Rxa2+ 31.Kh3 Be3 32.g4 Ra5 33.Bd5 Ra3 34.Kg2 Bf4 35.Rb7+ Kc8
36.Rf7 Be3 37.g5 hxg5 38.h5 g4 39.Kg3 Ra1 40.Kxg4 a5 41.Rf6 Rg1+ 42.Kh3 Rg5
43.Kh4 Rg7 44.Rf8+ Kc7 45.Rh8 Bf2+ 46.Kh3 Rg3+ 47.Kh2 Rg5 48.Bf7 Rg7 49.Bg6 Kd6
50.Ra8 Ra7 51.Rd8+ Rd7 52.Rf8 Be3 53.Rf6+ Kc5 54.Bf5 Rd6 55.Rxd6

[Event "1. Bundesliga 2010/2011"]
[Site "Graz"]
[Date "2010.11.21"]
[Round "3"]
[Board "5"]
[White "Rumpl, Erwin"]
[Black "Schneider, Ilja"]
[Result "0-1"]
[WhiteElo "2326"]
[BlackElo "2511"]
[PlyCount "60"]
[EventDate "2010.11.19"]
[EventType "team"]
[EventRounds "11"]
[EventCountry "AUT"]
[WhiteTeam "ASVOE VHS Poechlarn"]
[BlackTeam "ASVOE Wulkaprodersdorf"]

1.Nf3 Nf6 2.c4 c6 3.d4 d5 4.e3 Bf5 5.Nc3 e6 6.Nh4 Be4 7.f3 Bg6 8.Nxg6 hxg6 9.Qb3
Qc7 10.Bd2 Nbd7 11.f4 a6 12.Rc1 Rc8 13.c5 g5 14.Be2 gxf4 15.exf4 Nh5 16.O-O Nxc5
17.Qd1 g6 18.Bxh5 Nd3 19.Bg4 Nxc1 20.Bxc1 Bg7 21.Be3 b6 22.Qa4 O-O 23.Qxa6 b5
24.Qa3 c5 25.Nxb5 Qb6 26.dxc5 Qxb5 27.b4 Ra8 28.Qb3 Ra4 29.a3 Rfa8 30.Bc1 Bd4+

[Event "1. Bundesliga 2010/2011"]
[Site "Graz"]
[Date "2010.11.21"]
[Round "3"]
[Board "6"]
[White "Kopinits, Anna-Christina"]
[Black "Mittermayr, Gerhard"]
[Result "1-0"]
[WhiteElo "2195"]
[BlackElo "2172"]
[PlyCount "59"]
[EventDate "2010.11.19"]
[EventType "team"]
[EventRounds "11"]
[EventCountry "AUT"]
[WhiteTeam "ASVOE Wulkaprodersdorf"]
[BlackTeam "ASVOE VHS Poechlarn"]

1.e4 e6 2.d4 d5 3.Nd2 Nf6 4.e5 Nfd7 5.f4 c5 6.c3 Nc6 7.Ndf3 cxd4 8.cxd4 Bb4+
9.Kf2 O-O 10.g3 f6 11.Kg2 fxe5 12.dxe5 Bc5 13.Bd3 g6 14.h4 Ne7 15.h5 Nf5 16.Ng5
Bxg1 17.hxg6 hxg6 18.Qxg1 Nc5 19.Rh8+ Kg7 20.Rh7+ Kg8 21.Qh1 Qxg5 22.fxg5 Nxd3
23.Rh8+ Kf7 24.Qh7+ Ng7 25.Rxf8+ Kxf8 26.Bd2 Nf5 27.g4 Ne7 28.Qh8+ Kf7 29.Rf1+
Nf5 30.gxf5

[Event "1. Bundesliga 2010/2011"]
[Site "Graz"]
[Date "2010.11.21"]
[Round "3"]
[Board "1"]
[White "Prusikin, Michael"]
[Black "Ragger, Markus"]
[Result "1/2-1/2"]
[WhiteElo "2541"]
[BlackElo "2614"]
[PlyCount "61"]
[EventDate "2010.11.19"]
[EventType "team"]
[EventRounds "11"]
[EventCountry "AUT"]
[WhiteTeam "Wuestenrot SIR Salzburg"]
[BlackTeam "SK MPOE Maria Saal"]

1.d4 Nf6 2.c4 e6 3.Nf3 d5 4.Nc3 dxc4 5.e3 a6 6.a4 b6 7.Bxc4 Bb7 8.O-O Bb4 9.Qe2
Nbd7 10.Rd1 O-O 11.Bd2 Qe7 12.Be1 e5 13.dxe5 Nxe5 14.Nxe5 Qxe5 15.f3 Bc5 16.Bf2
Rfd8 17.e4 a5 18.Kh1 Bxf2 19.Qxf2 Qe7 20.Qc2 Rxd1+ 21.Rxd1 Rd8 22.Rxd8+ Qxd8
23.e5 Qe7 24.Qf5 Ne8 25.Ne4 g6 26.Qf4 Bxe4 27.Qxe4 Ng7 28.Qa8+ Qf8 29.Qxf8+ Kxf8
30.Kg1 Ke7 31.Kf2

[Event "1. Bundesliga 2010/2011"]
[Site "Graz"]
[Date "2010.11.21"]
[Round "3"]
[Board "2"]
[White "Pavasovic, Dusko"]
[Black "Bromberger, Stefan"]
[Result "1/2-1/2"]
[WhiteElo "2578"]
[BlackElo "2519"]
[PlyCount "219"]
[EventDate "2010.11.19"]
[EventType "team"]
[EventRounds "11"]
[EventCountry "AUT"]
[WhiteTeam "SK MPOE Maria Saal"]
[BlackTeam "Wuestenrot SIR Salzburg"]

1.e4 c5 2.c3 d5 3.exd5 Qxd5 4.d4 g6 5.Nf3 Bg7 6.Na3 cxd4 7.Bc4 Qe4+ 8.Be3 Nh6
9.cxd4 O-O 10.Nb5 Nc6 11.Nc3 Qf5 12.h3 Qh5 13.d5 Ne5 14.Nxe5 Qxe5 15.O-O Nf5
16.Re1 Qc7 17.Bb3 Bd7 18.Bg5 Rae8 19.Qd2 Qb6 20.Rad1 h6 21.Bf4 e5 22.dxe6 Bxe6
23.Nd5 Qd4 24.Qa5 b6 25.Qxa7 Bxd5 26.Rxe8 Qxd1+ 27.Bxd1 Rxe8 28.Bb3 Bxb3 29.axb3
Re1+ 30.Kh2 Bd4 31.g4 g5 32.Bc7 Nh4 33.Qa8+ Kg7 34.Qd5 Bxb2 35.Bg3 Re6 36.Bxh4
gxh4 37.Kg2 Bc1 38.Qc4 Bg5 39.f4 Bf6 40.Kf3 Be7 41.Qd4+ Bf6 42.Qd5 Be7 43.g5
hxg5 44.fxg5 Bc5 45.Qc4 Re3+ 46.Kg4 Re5 47.Qf4 Re6 48.Kxh4 f6 49.gxf6+ Rxf6
50.Qe5 Kf7 51.Kg4 Bf8 52.h4 Rh6 53.h5 Kg8 54.Qe8 Rd6 55.Kf5 Rd5+ 56.Ke6 Rd6+
57.Ke5 Rh6 58.Kf5 Rd6 59.b4 Rh6 60.b5 Rd6 61.Qa8 Rh6 62.Kg5 Rd6 63.Qc8 Rd5+
64.Kf6 Rd6+ 65.Ke5 Rh6 66.Qe8 Kg7 67.Kf5 Rd6 68.Ke5 Rh6 69.Qd7+ Kg8 70.Qg4+ Kf7
71.Qf3+ Kg8 72.Qf5 Bd6+ 73.Kd5 Bf8 74.Qe5 Kf7 75.Qc7+ Kg8 76.Ke4 Rd6 77.Kf5 Rh6
78.Kg5 Rd6 79.Qc4+ Kg7 80.Qe4 Kg8 81.Qc4+ Kg7 82.Qa2 Be7+ 83.Kf5 Bf8 84.Qc4 Rf6+
85.Ke5 Rh6 86.Qh4 Kf7 87.Qf4+ Kg7 88.Qg3+ Kf7 89.Qg5 Bd6+ 90.Kd5 Bf8 91.Qe5 Kg8
92.Qg3+ Kf7 93.Qh2 Kg8 94.Ke4 Re6+ 95.Kf5 Rh6 96.Qh4 Rd6 97.Qc4+ Kg7 98.Qc7+ Kg8
99.Qc4+ Kg7 100.Qc3+ Kg8 101.Qe5 Rh6 102.Qd5+ Kg7 103.Qd4+ Kg8 104.Kg5 Rd6
105.Qe5 Bh6+ 106.Kf5 Bf8 107.Qh2 Rh6 108.Kg5 Rd6 109.Qa2+ Kg7 110.Qb2+

[Event "1. Bundesliga 2010/2011"]
[Site "Graz"]
[Date "2010.11.21"]
[Round "3"]
[Board "3"]
[White "Drabke, Lorenz"]
[Black "Buhmann, Rainer"]
[Result "0-1"]
[WhiteElo "2454"]
[BlackElo "2590"]
[PlyCount "116"]
[EventDate "2010.11.19"]
[EventType "team"]
[EventRounds "11"]
[EventCountry "AUT"]
[WhiteTeam "Wuestenrot SIR Salzburg"]
[BlackTeam "SK MPOE Maria Saal"]

1.e4 e5 2.Nf3 Nc6 3.Bb5 Nf6 4.O-O Nxe4 5.Qe2 Nf6 6.Bxc6 dxc6 7.Qxe5+ Be7 8.Re1
Qd6 9.Qe2 Be6 10.Nc3 O-O 11.d3 h6 12.Ne4 Nxe4 13.dxe4 Rad8 14.Bd2 Qc5 15.Bf4 Bd6
16.Bxd6 cxd6 17.h3 d5 18.c3 dxe4 19.Qxe4 Qh5 20.Qf4 Qg6 21.Re3 Bxh3 22.Nh4 Qg4
23.Qe5 Rd5 24.Qc7 Rd7 25.Qa5 b6 26.Qe5 Rd5 27.Qe7 Rd7 28.Qe5 Qxh4 29.Rxh3 Qe7
30.Qf4 Rfd8 31.Re3 Qd6 32.Qf3 Qd5 33.Qg4 h5 34.Qf4 f6 35.Rae1 Qf7 36.Qf3 c5
37.a4 Qg6 38.Qc6 Qf5 39.a5 Rd2 40.Rf3 Qd7 41.Qe4 Qd5 42.Qe7 Qf7 43.b4 Rd1 44.Qe2
Rxe1+ 45.Qxe1 cxb4 46.cxb4 Rd4 47.axb6 axb6 48.Re3 Qd5 49.Re8+ Kh7 50.Qe7 Rg4
51.f3 Qd4+ 52.Kh2 Qf4+ 53.Kg1 Qd4+ 54.Kh2 Rh4+ 55.Kg3 Qf4+ 56.Kf2 Qd2+ 57.Kg3
Qg5+ 58.Kf2 Rh2

[Event "1. Bundesliga 2010/2011"]
[Site "Graz"]
[Date "2010.11.21"]
[Round "3"]
[Board "4"]
[White "Kreisl, Robert"]
[Black "Grafl, Florian"]
[Result "1-0"]
[WhiteElo "2394"]
[BlackElo "2398"]
[PlyCount "101"]
[EventDate "2010.11.19"]
[EventType "team"]
[EventRounds "11"]
[EventCountry "AUT"]
[WhiteTeam "SK MPOE Maria Saal"]
[BlackTeam "Wuestenrot SIR Salzburg"]

1.Nf3 f5 2.g3 Nf6 3.Bg2 e6 4.c4 Be7 5.O-O O-O 6.d4 d6 7.Nc3 Ne4 8.Nxe4 fxe4
9.Nd2 d5 10.f3 exf3 11.Nxf3 Nc6 12.b3 Bd7 13.Bf4 Be8 14.Qd2 Bg6 15.Ne5 Nxe5
16.Bxe5 Qd7 17.Qa5 c6 18.Rxf8+ Bxf8 19.c5 Be7 20.Rf1 Bf5 21.h3 Bd8 22.Qd2 b6
23.g4 Bg6 24.Qf4 Be7 25.b4 Rf8 26.Qe3 Rxf1+ 27.Kxf1 Qb7 28.a3 b5 29.Bg3 Bf7
30.h4 Qa8 31.Bh3 a5 32.bxa5 Qxa5 33.g5 b4 34.axb4 Qxb4 35.Bxe6 Qb1+ 36.Kf2 Qg6
37.Bg4 Bf8 38.Qe5 Qb1 39.Be6 Qb7 40.Kg2 Qe7 41.Bf5 Qa7 42.Qb8 Qe7 43.e4 Be8
44.Bd6 Qf7 45.Qc8 Qh5 46.Kg3 Qe2 47.Qxe8 Qe3+ 48.Kg4 Qe2+ 49.Kf4 Qh2+ 50.Kf3
Qh1+ 51.Kf2

[Event "1. Bundesliga 2010/2011"]
[Site "Graz"]
[Date "2010.11.21"]
[Round "3"]
[Board "5"]
[White "Pitl, Gregory"]
[Black "Schachinger, Mario"]
[Result "1/2-1/2"]
[WhiteElo "2376"]
[BlackElo "2368"]
[PlyCount "67"]
[EventDate "2010.11.19"]
[EventType "team"]
[EventRounds "11"]
[EventCountry "AUT"]
[WhiteTeam "Wuestenrot SIR Salzburg"]
[BlackTeam "SK MPOE Maria Saal"]

1.Nf3 d5 2.c4 c6 3.e3 Nf6 4.Nc3 e6 5.b3 Nbd7 6.Bb2 Bd6 7.Qc2 O-O 8.h3 a6 9.g4
Qe7 10.Bd3 Nc5 11.Be2 dxc4 12.bxc4 e5 13.d4 exd4 14.Nxd4 Nfe4 15.Nxe4 Nxe4
16.Bd3 Bb4+ 17.Ke2 Re8 18.Rad1 g6 19.Rhg1 Nc5 20.a3 Nxd3 21.Qxd3 Ba5 22.Nf5 Bxf5
23.Qd4 Bxg4+ 24.hxg4 f6 25.Qxf6 Qxf6 26.Bxf6 Bd8 27.Ba1 Be7 28.Rd7 b5 29.Rgd1
bxc4 30.Rc7 Rac8 31.Ra7 Ra8 32.Rc7 Rac8 33.Ra7 Ra8 34.Rc7

[Event "1. Bundesliga 2010/2011"]
[Site "Graz"]
[Date "2010.11.21"]
[Round "3"]
[Board "6"]
[White "Halvax, Georg"]
[Black "Guramishvili, Sopiko"]
[Result "1-0"]
[WhiteElo "2272"]
[BlackElo "2334"]
[PlyCount "95"]
[EventDate "2010.11.19"]
[EventType "team"]
[EventRounds "11"]
[EventCountry "AUT"]
[WhiteTeam "SK MPOE Maria Saal"]
[BlackTeam "Wuestenrot SIR Salzburg"]

1.e4 c5 2.Nf3 d6 3.d4 cxd4 4.Nxd4 Nf6 5.Nc3 Nc6 6.Bg5 e6 7.Qd2 Qb6 8.Nb3 Be7
9.Be3 Qc7 10.O-O-O a6 11.f3 O-O 12.g4 b5 13.g5 Nd7 14.f4 Nb6 15.Nd4 Nxd4 16.Qxd4
Rb8 17.Kb1 Rd8 18.h4 d5 19.e5 b4 20.Ne2 Nc4 21.h5 Bd7 22.Nc1 a5 23.g6 fxg6
24.hxg6 hxg6 25.Qd3 Be8 26.Bd4 Rdc8 27.Rh2 Bc5 28.Nb3 Bxd4 29.Nxd4 Qb6 30.Qh3
Kf7 31.f5 exf5 32.e6+ Kf6 33.Rg2 Ke7 34.Qh4+ Kd6 35.Qf4+ Ke7 36.Nxf5+ gxf5
37.Rxg7+ Kf6 38.Qg5+ Ke5 39.Qg3+ Kf6 40.Qg5+ Ke5 41.Qg3+ Kf6 42.Bxc4 Rxc4
43.Rxd5 Rf4 44.Qxf4 Kxg7 45.Qg5+ Kh8 46.Rd3 Rb7 47.Rh3+ Rh7 48.Qf6+